00562 2200193 4500001002100000005001700021008004100038035002400079082001000103090001600113100003300129245008900162250001200251260002600263300002700289650001800316700002300334990001100357YOGYA-0412000000036220120423175600.0 ind  0010-041200000000362 a823.8 a823.8 Kin W aKINGSLEY, Charles, 1819-1875 aThe water babies and selected poemscCharles Kingsley ; ilustrated Jean Cruickshanks a1st ed. aLondonbCollinsc1954 a288 hlm.bilus.c18 cm aFiksi Inggris aCruickshanks, Jean a4833-b